[Event "Montcalm IV 2014-15"]
[Site "Quebec"]
[Date "2015.01.15"]
[Round "2"]
[White "Badeaux, Yan"]
[Black "Genest, Dominic"]
[Result "1-0"]
[WhiteElo "1607"]
[BlackElo "1573"]
[PlyCount "59"]
[EventDate "2015.01.09"]
[EventType "swiss"]
[EventRounds "5"]
[EventCountry "CAN"]
[SourceTitle "EXT 2019"]
[Source "ChessBase"]
[SourceDate "2018.10.10"]
[SourceVersion "1"]
[SourceVersionDate "2018.10.10"]
[SourceQuality "1"]

1. d4 d5 2. g3 Nf6 3. Nf3 e6 4. Bg2 c5 5. c3 Nc6 6. 0-0 b6 7. Bf4 Bd6 8. Bxd6 Qxd6 9. Re1 0-0 10. Qa4 Bd7 11. dxc5 bxc5 12. Qc2 e5 13. Rd1 e4 14. Ng5 Qe5 15. f4 Qc7 16. Na3 Ne7 17. c4 h6 18. cxd5 hxg5 19. d6 Qc8 20. fxg5 Ned5 21. gxf6 Nxf6 22. Nc4 Re8 23. Rac1 Qa6 24. b3 Rad8 25. Rf1 Bb5 26. Rf4 Bxc4 27. Qxc4 Qxa2 28. Bxe4 Nxe4 29. Qxf7+ Kh8 30. Rh4# 1-0

[Event "Quebec Montcalm op 2 2014-15"]
[Site "Quebec"]
[Date "2014.11.06"]
[Round "5"]
[White "Gingras, Philippe"]
[Black "Badeaux, Yan"]
[Result "1/2-1/2"]
[WhiteElo "1572"]
[BlackElo "1498"]
[PlyCount "75"]
[EventDate "2014.10.09"]
[EventType "swiss"]
[EventRounds "5"]
[EventCountry "CAN"]
[SourceTitle "EXT 2022"]
[Source "ChessBase"]
[SourceDate "2021.10.06"]
[SourceVersion "1"]
[SourceVersionDate "2021.10.06"]
[SourceQuality "1"]

1. e4 e6 2. d4 d5 3. Nc3 c5 4. exd5 exd5 5. dxc5 Qe7+ 6. Be2 Be6 7. Nxd5 Qxc5 8. Bb5+ Nd7 9. Bxd7+ Bxd7 10. Nf3 Be6 11. Nf4 Rd8 12. Nd3 Qd5 13. 0-0 Nf6 14. Qe2 Bd6 15. Nf4 Bxf4 16. Bxf4 0-0 17. Bg5 Qf5 18. Bxf6 Qxf6 19. Qe5 Qxe5 20. Nxe5 Rd2 21. Rfc1 Rc8 22. Nf3 Rdxc2 23. Rxc2 Rxc2 24. b3 Rc8 25. h3 a5 26. Rd1 h6 27. Kf1 b5 28. Ke2 a4 29. bxa4 bxa4 30. Rd2 Rc3 31. Nd4 Bc4+ 32. Kd1 Ra3 33. Kc1 Rxa2 34. Rxa2 Bxa2 35. Kb2 Bb3 36. Nxb3 axb3 37. Kxb3 f5 38. f4 1/2-1/2

[Event "Quebec Montcalm op 2 2014-15"]
[Site "Quebec"]
[Date "2014.10.09"]
[Round "1"]
[White "Bender, Karl Heinz"]
[Black "Badeaux, Yan"]
[Result "0-1"]
[WhiteElo "1627"]
[BlackElo "1498"]
[PlyCount "44"]
[EventDate "2014.10.09"]
[EventType "swiss"]
[EventRounds "5"]
[EventCountry "CAN"]
[SourceTitle "EXT 2022"]
[Source "ChessBase"]
[SourceDate "2021.10.06"]
[SourceVersion "1"]
[SourceVersionDate "2021.10.06"]
[SourceQuality "1"]

1. d4 d5 2. Nf3 e6 3. g3 c5 4. c3 Nf6 5. Bg2 Nc6 6. 0-0 Be7 7. Nbd2 0-0 8. Re1 Bd7 9. e4 dxe4 10. Nxe4 cxd4 11. Nxd4 Nd5 12. Nb3 Qb6 13. c4 Nf6 14. c5 Qc7 15. Nxf6+ Bxf6 16. Qd6 Qxd6 17. cxd6 Rad8 18. Nc5 Na5 19. Bd2 Nc4 20. Bc3 Nxd6 21. Bxf6 gxf6 22. Rad1 Bc6 0-1

[Event "Quebec Montcalm op 1 2014-15"]
[Site "Quebec"]
[Date "2014.09.18"]
[Round "3"]
[White "Lapierre, Gaetan"]
[Black "Badeaux, Yan"]
[Result "1-0"]
[WhiteElo "2004"]
[BlackElo "1476"]
[PlyCount "55"]
[EventDate "2014.09.04"]
[EventType "swiss"]
[EventRounds "5"]
[EventCountry "CAN"]
[SourceTitle "EXT 2022"]
[Source "ChessBase"]
[SourceDate "2021.10.06"]
[SourceVersion "1"]
[SourceVersionDate "2021.10.06"]
[SourceQuality "1"]

1. e4 e6 2. c4 c5 3. Nc3 Nc6 4. f4 Bd6 5. d3 Nd4 6. Nf3 Ne7 7. Be2 Ng6 8. g3 0-0 9. 0-0 b6 10. Be3 Nxf3+ 11. Bxf3 Bb7 12. h4 Nxh4 13. gxh4 Qxh4 14. Qe1 Qh6 15. Qd2 f5 16. e5 Be7 17. Bxb7 Rab8 18. Bf3 Bh4 19. Rf2 Bxf2+ 20. Qxf2 g6 21. Qh2 Qg7 22. Kf2 h5 23. Rg1 Kf7 24. Bxh5 Rh8 25. Rxg6 Qh7 26. Rh6+ Ke7 27. Qh4+ Kf8 28. Rf6+ 1-0